Datum a čas kvízu
24
Celkem bodů
Celkový počet nahraných bodů na tomto kvízu bez doplňovacích otázek.
12.
Pořadí na kvízu
Konečné umístění týmu na tomto kvízu.
Zaznamenané odpovědi
| # | Otázka | Odpověď | Body | Výsledky |
|---|---|---|---|---|
| 1. | Podnikatel tuniského původu Fe... | 0 | ||
| 2. | Zakladatel a generální ředitel... | 1 | ||
| 3. | Britská televize Channel 4 min... | 1 | ||
| 4. | Americký výrobce elektromobilů... | 1 | ||
| 5. | Soupeřkami českých volejbalist... | 1 | ||
| 6. | Mezinárodní vesmírná stanice (... | 0.5 | ||
| 7. | V předchozí otázce bylo řečeno... | 0 | ||
| 8. | Standardní denní program posád... | 1 | ||
| 9. | Jak se jmenuje ruská kosmická... | 0 | ||
| 10. | První espresso kávovar, určený... | 0 |